000 00577nam a2200205Ia 4500
003 GCL
008 140319s9999 xx 000 0 ara d
040 _aGCL /
_cGCL
082 0 4 _a149
_bع ن
100 1 _aعلى حرب
245 1 0 _aنقد الحقيقة /
_cعلى حرب
260 _a[S.N] :
_bالمركز الثقافى العربى ،
_c1993
300 _a148 ص
490 _aالنص والحقيقة
_v0
650 0 4 _aالفلسفة
650 0 4 _aالوجودية
650 0 4 _aالاسلام والفلسفة
650 0 4 _aاللاهوت
942 _2ddc
_cBK
999 _c37595
_d37595